000 00520nam a2200181Ia 4500
003 OSt
005 20251203104456.0
008 250729s2003 xx 000 0 und d
040 _cAL
041 _akan
082 _a370 KONB
100 _aಕೊಂಗವಾಡ ಎನ್ ಬಿ
_9225430
245 _aಭಾರತದಲ್ಲಿ ಶಿಕ್ಷಣ ಹಾಗೂ ಪ್ರಚಲಿತ ಸಮಸ್ಯೆಗಳು
260 _aಗದಗ
_c2003
300 _a396p
650 _aEducation
_9225431
942 _2ddc
_cBED
999 _c236907
_d236907